000 00289nam a22001337a 4500
008 171220b xxu||||| |||| 00| 0 eng d
020 _a9780072388770
041 _aeng
080 _23 ED
_a611
100 _a7
101 _aANA
245 _aHUMAN ANATOMY
_cFERAR.W.W
942 _2udc
_cBK
999 _c39241
_d39241